Interpreting quality: a look around and ahead

Guardat en:
Dades bibliogràfiques
Autors principals: Zwischenberger, Cornelia (Autor), Behr, Martina (Autor)
Format: Llibre
Idioma:anglès
Publicat: Berlín Frank and Timme 2015
Edició:1a. ed
Col·lecció:Transfer, 19
Matèries:
Etiquetes: Afegir etiqueta
Sense etiquetes, Sigues el primer a etiquetar aquest registre!

MARC

LEADER 00000cam a2200000 a 4500
001 UCD6716
003 CL-VaPUC
008 170113e20150000gw |||||||||||||||||eng|d
020 |a 9783732901913 
082 0 4 |a 418.02  |b ZWI  |2 21 
100 0 |a Zwischenberger, Cornelia  |e author  |9 590528 
700 0 |a Behr, Martina  |e author  |9 590529 
245 1 0 |a Interpreting quality: a look around and ahead 
250 |a 1a. ed 
300 |a 330 p 
942 |c BK 
945 |d 20170113 07:29:00  |a dcastane 
260 |a Berlín  |b Frank and Timme  |c 2015 
650 0 |a Traducción e interpretación  |9 315998 
650 0 |a Lengua inglesa  |9 318842 
650 0 |a Lingüística aplicada   |9 313266 
583 |a last modification  |c 20170113 07:29:00  |k Rodrigo Vera 
490 0 |a Transfer, 19 
999 |c 366913  |d 366911 
952 |0 0  |1 0  |3 erb  |4 0  |6 418_020000000000000_ZWI_2015  |7 0  |8 A  |9 481550  |a BIBEDU  |b BIBEDU  |i 535952K  |o 418.02 ZWI 2015  |p 535952K  |r 2019-11-24  |w 2019-11-24  |y BK  |z Catalogado en:20170113  |k CIT